000 00910nam a2200289 i 4500
003 DO-SdBNP
005 20230522134153.0
007 ta
008 230522b1970 dr acg|| |||| 00| 0 spa d
040 _aDO-SdBNP
_bspa
_cBNPHU
_erda
082 4 _222
245 0 0 _aHistoria de la música /
_cKurt Homolka, Lukas Richter, Paui Nettl, Bruno Stablein, Kurt Reinhard, Hans Engel
264 _aMadrid :
_bEDAF,
_c1970.
300 _a485 páginas :
_bilustraciones, retratos y música ;
_c29 cm.
336 _2rdacontent
_atexto
_btxt
337 _2rdamedia
_asin mediación
_bn
338 _2rdacarrier
_avolumen
_bnc
590 _aInventariado, 2023/BT
700 1 _aHonolka, Kurt
_983431
700 1 _aRichter, Lukas
_983432
700 1 _aNettl, Paul
_983433
700 1 _astablein, Bruno
_983434
700 1 _aReinhard, Kurt
_983435
700 1 _aEngel, Hans
_983436
910 _aBtavárez
942 _2ddc
_cLBS1
999 _c53584
_d53584